书目信息 |
| 题名: |
电动机使用与维修
|
|
| 作者: | 李洋 | |
| 分册: | ||
| 出版信息: | 人民邮电出版社 1995. 7 |
|
| 页数: | 201页 | |
| 开本: | 32开 | |
| 丛书名: | ||
| 单 册: | ||
| 中图分类: | TM32 | |
| 科图分类: | ||
| 主题词: | 电动机 | |
| 电子资源: | ||
| ISBN: | 978-7-122-18052-0 | |
| 000 | 00513nam0 2200193 45 | |
| 001 | 0308271077 | |
| 005 | 20030827105652.7 | |
| 010 | @a978-7-122-18052-0@dRMB9.40 | |
| 100 | @a20030827d1995 km y0chiy0120 ea | |
| 101 | @achi | |
| 105 | @a z 000yy | |
| 200 | 1 | @a电动机使用与维修@Adian dong ji shi yong yu wei xiu@f李洋@Fli yang |
| 210 | @c人民邮电出版社@d1995. 7 | |
| 215 | @a201页@c无图表@d32开 | |
| 606 | 0 | @a电动机 |
| 690 | @aTM32@v3 | |
| 701 | 0 | @a李洋 |
| 801 | @aCN@b@c20030827 | |
| 905 | @aBZT@dTM32@e23 | |
| 电动机使用与维修/李洋.-人民邮电出版社,1995. 7 |
| 201页:无图表;32开 |
| ISBN 978-7-122-18052-0:RMB9.40 |
| ● |
| 相关链接 |
|
|
|
正题名:电动机使用与维修
索取号:TM32/23
 
预约/预借
| 序号 | 登录号 | 条形码 | 馆藏地/架位号 | 状态 | 备注 |
| 1 | 29860 | 200062145 | 中心书库中库/ 中库029架B面9列2层20/ [索取号:TM32/23] | 在馆 | |
| 2 | 29861 | 200062118 | 中心书库中库/ 中库029架B面9列2层19/ [索取号:TM32/23] | 在馆 | |
| 3 | 29862 | 200062092 | 中心书库中库/ 中库029架B面9列2层21/ [索取号:TM32/23] | 在馆 | |
| 4 | 29863 | 200062127 | 中心书库中库/ 中库029架B面9列3层30/ [索取号:TM32/23] | 在馆 | |
| 5 | 29864 | 200062136 | 中心书库中库/ 中库029架B面9列2层22/ [索取号:TM32/23] | 在馆 | |
| 6 | 82221 | 200051601 | 中心书库中库/ 中库029架A面2列1层13/ [索取号:TM32/23] | 在馆 | |
| 7 | 82222 | 200051594 | 中心书库中库/ 中库029架A面2列1层15/ [索取号:TM32/23] | 在馆 | |
| 8 | 82223 | 200051576 | 中心书库中库/ 中库029架A面2列1层16/ [索取号:TM32/23] | 在馆 | |
| 9 | 82224 | 200051585 | 中心书库中库/ 中库029架A面2列1层14/ [索取号:TM32/23] | 在馆 | |
| 10 | 82225 | 200051610 | 中心书库中库/ 中库029架B面9列3层31/ [索取号:TM32/23] | 在馆 |